01670nam a2200445 i 4500001000700000003000800007005001700015006001900032007001500051008004100066020002700107020001800134035002300152035002400175035002500199035002100224040003100245050002200276082001400298100002000312245015400332264003600486300004100522336003100563337003300594338004300627490001500670500002200685504002900707588012400736590016400860650001501024650001901039655002701058700002301085797001901108830001601127856006201143999001901205137810FlNmELB20241217181141.0m o d | cr cnu||||||||150601s2011 ag ob 001 0 spa d a9789506416386 (e-book) z9789506416171 a(MiAaPQ)EBC3219632 a(Au-PeEL)EBL3219632 a(CaPaEBR)ebr10862033 a(OCoLC)991962146 aFINmELBbspaerdacFINmELB 4aHF5415bS114 20110 a658.52231 aSabbagh, Aaron.13aEl método de innovación creativa :bun método para generar ideas y transformarlas en proyectos sustentables /cAaron Sabbagh, Matias Mackinlay. 1aBuenos Aires :bGranica,c2011. a1 recurso en línea (286 páginas) atextobtxt2rdacontent/spa acomputadorabc2rdamedia/spa arecurso en líneabcr2rdacarrier/spa1 aManagement aIncluye índice. aContiene bibliografía. aDescripción basada en recurso en línea; Título de la página del título en PDF (e-libro, visto June 01, 2015). aRecurso electrónico. Santa Fe, Arg.: e-libro, 2015. Disponible vía World Wide Web. El acceso puede estar limitado para las bibliotecas afiliadas a e-libro. 0aMarketing. 4aMercadotecnia. 4aLibros electrónicos.1 aMackinlay, Matias.2 ae-libro, Corp. 0aManagement.40uhttps://elibro.net/ereader/politecnicointernacional/66732 c137810d137810